Szczegóły MARC21

Bemerkungen über die Farben ; Über Gewißheit ; Zettel ; Vermischte Bemerkungen /

003 -Nazwa inst., której nr kontr. jest w polu 001 [,]
    • @
    • Nazwa instytucji, której n kontrolny jest w polu 001
    • NUKAT
005 -DATA I CZAS OSTATNIEJ MODYFIKACJI [,]
    • @
    • pole kontrolne
    • 20241231090424.0
020 -Międzynarod. znormalizowany nr książki - ISBN [ , ]
    • a
    • Numer ISBN
    • 3518579886 Find
020 -Międzynarod. znormalizowany nr książki - ISBN [ , ]
    • a
    • Numer ISBN
    • 3518579967 Find
040 -Instytucja sporządzająca opis [ , ]
    • a
    • Instytucja, która sporządziła opis (NP)
    • SZCZ U/ML
    • b
    • Język katalogowania
    • pol
    • e
    • Zasady katalogowania
    • rda
    • c
    • Instytucja, która sporządziła rekord (NP)
    • SZCZ U/MLs
942 -Rodzaj dokumentu [ , ]
    • c
    • Rodzaj dokumentu
    • Książka
100 -Hasło główne - nazwa osobowa [1, ]
    • a
    • Nazwa osobowa (NP)
    • Wittgenstein, Ludwig
    • d
    • Daty biograficzne (NP)
    • (1889-1951).
    • e
    • Rodzaj współpracy
    • Autor
    • 9
    • KHW
    • 257357
240 -Tytuł ujednolicony [1,0]
    • a
    • Tytuł ujednolicony
    • Bemerkungen über die Farben
    • l
    • Język tekstu
    • (niem.)
    • 9
    • KHW
    • 510122
245 -Strefa tytułu i oznaczenia odpowiedzialności [1,0]
    • a
    • Tytuł
    • Bemerkungen über die Farben ; Find
    • b
    • Ciąg dalszy tytułu (NP)
    • Über Gewißheit ; Zettel ; Vermischte Bemerkungen / Find
    • c
    • Pozostałe elementy strefy tytułu i oznaczenia odpowiedzialności (NP)
    • Ludwig Wittgenstein.
250 -Strefa wydania [ , ]
    • a
    • Oznaczenie wydania (NP)
    • Erste Auflage.
260 -Strefa adresu wydawniczego [ , ]
    • a
    • Miejsce wydania (P)
    • Frankfurt am Main :
    • b
    • Nazwa wydawcy (P)
    • Suhrkamp,
    • c
    • Data wydania (P)
    • 1989.
300 -Strefa opisu fizycznego [ , ]
    • a
    • Określenie formy książki i/lub objętość (NP)
    • 574, [1] strona ;
    • c
    • Format (NP)
    • 18 cm.
336 -Typ zawartości [ , ]
    • a
    • Termin opisujący typ zawartości
    • Tekst
    • b
    • Kod określający zawartość
    • txt
    • 2
    • Źródło (terminu i kodu)
    • rdacontent
337 -Typ mediów [ , ]
    • a
    • Tryb odtwarzania
    • Bez urządzenia pośredniczącego
    • b
    • Kod typu mediów
    • n
    • 2
    • Źródło (terminu i kodu)
    • rdamedia
338 -Typ/rodzaj nośnika [ , ]
    • a
    • Hasło opisujące typ nośnika
    • Wolumin
    • b
    • Kod typu nośnika
    • nc
    • 2
    • Źródło (terminu i kodu)
    • rdacarrier
490 -Strefa serii i książki wielotomowej - forma nie do wyszukiwania [1, ]
    • a
    • Tytuł (P)
    • Werkausgabe / Ludwig Wittgenstein ; Find
    • v
    • Numeracja (P)
    • Bd. 8
504 -Uwaga dot. bibliogr. załącznikowej [ , ]
    • a
    • Uwaga dot. bibliografii załącznikowej
    • Indeks.
600 -Hasło przedmiotowe w formie nazwy osobowej [1,7]
    • a
    • Nazwa osobowa
    • Wittgenstein, Ludwig
    • d
    • Daty związane z nazwą
    • (1889-1951)
    • x
    • Określnik rzeczowy
    • notatki, szkice.
    • 2
    • Źródło terminu
    • kaba
    • 9
    • KHW
    • 510205
650 -Hasło przedmiotowe [ ,7]
    • a
    • Hasło przedmiotowe
    • Symbolika kolorów.
    • 2
    • Źródło terminu
    • kaba
    • 9
    • KHW
    • 131741
650 -Hasło przedmiotowe [ ,7]
    • a
    • Hasło przedmiotowe
    • Pewność.
    • 2
    • Źródło terminu
    • kaba
    • 9
    • KHW
    • 123621
700 -Hasło dodatkowe - nazwa osobowa [1,2]
    • a
    • Nazwa osobowa (NP)
    • Wittgenstein, Ludwig Find
    • d
    • Daty biograficzne (NP)
    • (1889-1951).
    • t
    • Tytuł ujednolicony/tytuł (NP)
    • Über Gewißheit Find
    • l
    • Język tekstu (NP)
    • (niem.)
    • 9
    • KHW
    • 510117
700 -Hasło dodatkowe - nazwa osobowa [1,2]
    • a
    • Nazwa osobowa (NP)
    • Wittgenstein, Ludwig Find
    • d
    • Daty biograficzne (NP)
    • (1889-1951).
    • t
    • Tytuł ujednolicony/tytuł (NP)
    • Vermischte Bemerkungen Find
    • l
    • Język tekstu (NP)
    • (niem.)
    • 9
    • KHW
    • 510119
700 -Hasło dodatkowe - nazwa osobowa [1,2]
    • a
    • Nazwa osobowa (NP)
    • Wittgenstein, Ludwig Find
    • d
    • Daty biograficzne (NP)
    • (1889-1951).
    • t
    • Tytuł ujednolicony/tytuł (NP)
    • Zettel Find
    • l
    • Język tekstu (NP)
    • (niem.)
    • 9
    • KHW
    • 510118
710 -Hasło dodatkowe - nazwa ciała zbiorowego [2, ]
    • a
    • Nazwa ciała zbiorowego lub nazwa geograficzna jako pierwszy element (NP)
    • Suhrkamp Verlag.
    • e
    • Rodzaj współpracy
    • Wydawca
    • 4
    • Kod relacji
    • pbl
    • 9
    • KHW
    • 56105
800 -Hasło dodatkowe opisu książki wielotomowej - nazwa osobowa [1, ]
    • a
    • Nazwa osobowa (NP)
    • Wittgenstein, Ludwig
    • d
    • Daty biograficzne (NP)
    • (1889-1951).
    • t
    • Tytuł ujednolicony/tytuł (NP)
    • Werkausgabe
    • v
    • Oznaczenie tomu (NP)
    • Bd. 8
    • 9
    • KHW
    • 510094
920 -ISBN [ , ]
    • a
    • ISBN
    • 3-518-57988-6 Find
920 -ISBN [ , ]
    • a
    • ISBN
    • 3-518-57996-7 Find
Obwoluta Sygnatura Numer inwentarzowy Status udost. Lokalizacja Data inwentaryzacji
  G.71281BM2000-07-17
1Germ. Filozofia 24G.20687-3BM2019-10-07